| 000 | 00386nam a2200157Ia 4500 | ||
|---|---|---|---|
| 008 | 230312s9999||||xx |||||||||||||| ||und|| | ||
| 020 | _a0-8264-6479-3 | ||
| 082 |
_a370.78 _bCOS |
||
| 100 | _aPatrick J.M. Costllo | ||
| 245 | 0 | _aAction Research | |
| 260 |
_bContinuum _aLondon _c2003 |
||
| 300 | _a102 | ||
| 546 | _aEng. | ||
| 650 |
_aManagement _vWhat is Action Research? |
||
| 942 | _cBK | ||
| 999 |
_c1973 _d1973 |
||